Регионална библиотека "Любен Каравелов" - Русе

Старобългарската култура (Запис номер 50564)

MARC детайли
000 -Лидер
Контролно поле с фиксирана дължина 01243nam a2200337 c 4500
003 - Код на организацията, давaща контролен номер
Контролно поле BLK
005 - Дата и час на последна редакция
Контролно поле 20241209113457.0
008 - Елементи от данни с фиксирана дължина
fixed length control field 180408b bul|||||r ||||||| ||bul||
010 ## - Наследен системен номер
LC control number KNG00054436000
020 ## - Международен стандартен номер на книга ISBN
Международен стандартен номер на книга ISBN 954-607-677-5
-- издат.: ЛИК
040 ## - Източник на каталожния запис
Идентификатор на билиотеката - собственик на записа BLK
041 ## - Код за език
Код за езика на текст/звукозапис или на отделно заглавие Български
Код за езика КДБФ Български
080 ## - УДК
Текстов определител УДК Цивилизация. Култура. Прогрес. История на културата вж 930.85
УДК код - определител по УДК 008
УДК определител (497.2)
УДК - код + определител 008(497.2)
080 ## - УДК
Текстов определител УДК История на България
УДК код - определител по УДК 94(497.2)
УДК определител
УДК - код + определител 94(497.2)
100 1# - Редна дума - Автор
Автор Драгова, Надежда
Авторска отговорност първи автор
R(LIN) 283306
139 ## - Редно поле
Редна дума Драгова, Надежда
Авторски знак Драго - Д 86
245 10 - Сведения за заглавието
Заглавие Старобългарската култура
Подзаглавни данни Седем етюда
Редно поле (дума) Надежда Драгова.
257 ## - Страна на издаване
Страна на създаване/издаване България
260 ## - Област на издателските данни
-- София
Име на издателя, разпространителя и проч. ЛИК
Година на издаване 2005
300 ## - Физическа характеристика
Страници 428 с.
Размери/Мащаб 20 см
380 ## - Жанр
Жанр Общ отдел
500 ## - Общи забележки
Забележка Офс. изд.
650 #4 - Допълнително описание по предмет – тема
Основно описание – тема или топоним Култура, старобългарска
9 (RLIN) 283307
653 ## - Ключова дума – ненормативна
Ключова дума старобългарска култура
852 ## - Местоположение
Форматна сигнатура Цб 224173
856 4# - Електронен адрес и достъп
Електронен формат pdf - файл
Път до файла /url/
856 4# - Електронен адрес и достъп
Електронен формат pdf - файл
Път до файла /url/
942 ## - АРТИКУЛИ
Вид на библиотечния материал Книги
Скрит в OPAC Не
Koha issues (borrowed), all copies 6
944 ## - СЪЗДАВАНЕ И РЕДАКЦИЯ на ЗАПИСА
Създаване/Редакция Създаване
Дата на регистрацията/редакция 20.06.2005
Служител, извършил регистрацията/редакцията 30535
Статус, дата на статуса Христина Везирева
944 ## - СЪЗДАВАНЕ И РЕДАКЦИЯ на ЗАПИСА
Създаване/Редакция Редакция
Дата на регистрацията/редакция 10.06.2008
Служител, извършил регистрацията/редакцията
999 ## - СИСТЕМНИ КОНТРОЛНИ НОМЕРА
Koha biblionumber 50564
Koha biblioitemnumber 50564
Наличности
Код за отписване Код за изгубен артикул Код за повреда Коз за рестрикции Код за отдаване Артикулен № Име на библиотеката - собственик Име на библиотеката, в която се намира в момента Статус (Текущо местоположение) Дата на вписване в системата Местоположение - отдел Цена в лева Инвентарен номер Систематично азбучна сигнатура Баркод Номер на екземпляра Цена в евро Служебна бележка Служебен тип на артикула Източник на класификационната схема
  Не е изгубен Не е повреден без рестрикции заемане за дома 79024 Регионална библиотека "Любен Каравелов" Русе Регионална библиотека "Любен Каравелов" Русе Заемна - подръчен фонд 2005-06-20 Заемна - подръчен фонд 12.00 120000694967 П 008/Д 86 120000694967 1 6.14 Дост: Pk Вид: Ф N: 8904 Дата: 13.06.2005 Дата инв: 01.02.2018 Бележки инв: П2018 Книги  
  Не е изгубен Не е повреден без рестрикции заемане за дома 79025 Регионална библиотека "Любен Каравелов" Русе Регионална библиотека "Любен Каравелов" Русе Дубликат 2006-11-29 Заемна - подръчен фонд 12.00 120000707042 П 008/Д 86 120000707042 2 6.14 Дост: Pk Вид: Ф N: 45948 Дата: 27.11.2006 Дата инв: 01.02.2018 Бележки инв: П2018 Книги Universal Decimal Classification
  Не е изгубен Не е повреден без рестрикции заемане за дома 79026 Регионална библиотека "Любен Каравелов" Русе Регионална библиотека "Любен Каравелов" Русе Заемна - подръчен фонд 2007-10-05 Заемна - подръчен фонд 12.00 120000717596 П 008/Д 86 120000717596 3 6.14 Дост: Pk Вид: Ф N: 9214 Дата: 01.10.2007 Дата инв: 01.02.2018 Бележки инв: П2018 Книги  
  Не е изгубен Не е повреден без рестрикции заемане за дома 79027 Регионална библиотека "Любен Каравелов" Русе Регионална библиотека "Любен Каравелов" Русе Заемна - подръчен фонд 2007-10-05 Заемна - подръчен фонд 12.00 120000717597 П 008/Д 86 120000717597 4 6.14 Дост: Pk Вид: Ф N: 9214 Дата: 01.10.2007 Дата инв: 01.02.2018 Бележки инв: П2018 Книги  
  Не е изгубен Не е повреден без рестрикции заемане за дома 79028 Регионална библиотека "Любен Каравелов" Русе Регионална библиотека "Любен Каравелов" Русе Дубликат 2007-10-05 Заемна - подръчен фонд 12.00 120000717598 П 008/Д 86 120000717598 5 6.14 Дост: Pk Вид: Ф N: 9214 Дата: 01.10.2007 Дата инв: 01.02.2018 Бележки инв: П2018 Книги Universal Decimal Classification
  Не е изгубен Не е повреден без рестрикции ползва се в читалня 79029 Регионална библиотека "Любен Каравелов" Русе Регионална библиотека "Любен Каравелов" Русе Хранилище 2008-04-17 Хранилище 12.00 120000725605 Цб 224173 120000725605 6 6.14 Дост: Dp Вид: Д N: 11 Дата: 13.02.2008 Книги  
Vip Innovations Ltd, Rousse, Bulgaria 2025